000 01130nam0a2200301 4500
001 RU\NLR\bibl\479522
005 20260405190436.0
010 _a5-94157-319-7
_95000
021 _aRU
_b2003-62306
_93054
035 _a(NLR Aleph) 000472472
090 _a1002401
_c1002401
100 _a20040114d2003 |||y0rusy50 ca
101 0 _arus
102 _aRU
105 _aa |||||||||
200 1 _aAutoCAD
_eЭкспресс-курс
_fВиктор Погорелов
210 _aСПб.
_cБХВ-Петербург
_d2003
215 _aVII, 338 с.
_cил.
_d24
320 _aБиблиогр.: с. 331 (4 назв.)
320 _aПредм. указ.: с. 333-338
606 0 _aAutoCAD, система автоматизированного проектирования
_92075162
_3RU\NLR\auth\661250213
686 _aЖ2-5-05
700 1 _4070
_8rus
_7ca
_aПогорелов
_bВ. И.
_cд-р техн. наук, информ. технологии
_gВиктор Иванович
_3RU\NLR\auth\7782582
_965510
801 0 _aRU
_bNLR
_c20040114
_gPSBO
801 1 _aRU
_bNLR
_c20040114
942 _cBOOK
980 _aNB